Normal view
MARC view
- The Indus Waters Treaty, 1960 :
Entry Uniform Title
001 - CONTROL NUMBER
- control field: 1641
003 - CONTROL NUMBER IDENTIFIER
- control field: NUST
005 - DATE AND TIME OF LATEST TRANSACTION
- control field: 20170530132017.0
008 - FIXED-LENGTH DATA ELEMENTS
- fixed length control field: 170530|| aca||aabn | a|a d
040 ## - CATALOGING SOURCE
- Original cataloging agency: NUST
- Transcribing agency: NUST
130 ## - HEADING--UNIFORM TITLE
- Uniform title: The Indus Waters Treaty, 1960 :
670 ## - SOURCE DATA FOUND
- Source citation: Work cat.: (NUST)34109: Nadeem Shafiq Malik. 1000, The Indus Waters Treaty, 1960 :, 2015
